[Event "EU-ch (Women) 24th"]
[Site "Rhodes"]
[Date "2024.04.28"]
[Round "9"]
[White "Houska, Jovanka"]
[Black "Wikar, Martyna"]
[Result "0-1"]
[WhiteElo "2340"]
[BlackElo "2214"]
[PlyCount "116"]
[EventDate "2024.04.19"]
[EventType "swiss"]
[EventRounds "10"]
[EventCountry "GRE"]
[SourceTitle "CB18_2024"]
[SourceDate "2024.05.01"]
[SourceVersion "1"]
[SourceVersionDate "2024.05.01"]
[SourceQuality "2"]

1. d4 Nf6 2. Nf3 g6 3. g3 Bg7 4. Bg2 c5 5. c3 Na6 6. 0-0 0-0 7. a3 d5 8. b4 cxb4 9. cxb4 Ne4 10. Bb2 Nc7 11. Nbd2 Nd6 12. Ne5 h5 13. e3 Bf5 14. Qb3 e6 15. f3 g5 16. a4 a6 17. Rfc1 g4 18. fxg4 hxg4 19. Qd1 Nce8 20. Nxg4 Qg5 21. Bf3 Bxg4 22. Bxg4 f5 23. Bf3 Qxe3+ 24. Kh1 Nf6 25. Qe1 Bh6 26. Qxe3 Bxe3 27. Rd1 Rac8 28. Nf1 Rc2 29. Rdb1 Rxb2 30. Nxe3 Rxb1+ 31. Rxb1 Rc8 32. Be2 Nfe4 33. Rf1 Rc3 34. Ng2 Nd2 35. Rd1 N2e4 36. Rf1 Rb3 37. Nf4 Rxb4 38. Nxe6 Rxa4 39. g4 Ra2 40. Nf4 fxg4 41. Rg1 Kh7 42. Bd3 Kh6 43. Bb1 Rd2 44. Rf1 g3 45. Ng2 Rxd4 46. Rc1 Rd2 47. hxg3 Nxg3+ 48. Kh2 Nge4 49. Rc7 a5 50. Kh3 a4 51. Nh4 a3 52. Bxe4 dxe4 53. Rc1 a2 54. Kg4 Rb2 55. Ra1 b5 56. Rd1 Nc4 57. Nf5+ Kg6 58. Ne7+ Kf7 0-1

[Event "POL-ch Universities (Women)"]
[Site "Lublin"]
[Date "2024.02.24"]
[Round "6"]
[White "Antolak, Julia"]
[Black "Wikar, Martyna"]
[Result "1-0"]
[WhiteElo "2309"]
[BlackElo "2214"]
[PlyCount "97"]
[EventDate "2024.02.22"]
[EventType "swiss"]
[EventRounds "9"]
[EventCountry "POL"]
[SourceTitle "CB10_2024"]
[SourceDate "2024.03.06"]
[SourceVersion "1"]
[SourceVersionDate "2024.03.06"]
[SourceQuality "1"]

1. d4 Nf6 2. c4 e6 3. Nc3 Bb4 4. f3 d5 5. a3 Be7 6. e4 c6 7. e5 Nfd7 8. f4 dxc4 9. Bxc4 Nb6 10. Be2 0-0 11. Nf3 c5 12. Be3 cxd4 13. Qxd4 Nc6 14. Qxd8 Rxd8 15. 0-0 Bd7 16. Rfd1 Na5 17. Bxb6 axb6 18. b4 Nc6 19. Nb5 Na7 20. Nxa7 Rxa7 21. Rac1 Rxa3 22. Rc7 Bxb4 23. Rcxd7 Bc5+ 24. Kf1 Rxd7 25. Rxd7 Ra1+ 26. Rd1 Rxd1+ 27. Bxd1 f6 28. Bb3 Kf7 29. Ke2 Ke7 30. Kd3 h6 31. Nd4 g5 32. exf6+ Kxf6 33. fxg5+ hxg5 34. Nxe6 Bg1 35. h3 Kf5 36. g4+ Kf6 37. Ke4 b5 38. Nc7 b6 39. Nxb5 Bf2 40. Nc7 Bg1 41. Nd5+ Kg6 42. Ke5 Bh2+ 43. Ke6 Bg1 44. Bc2+ Kh6 45. Kf5 Bd4 46. Nf6 Be3 47. Ne4 b5 48. Nd6 b4 49. Nf7+ 1-0

[Event "POL-ch Universities (Women)"]
[Site "Lublin"]
[Date "2024.02.24"]
[Round "7"]
[White "Wikar, Martyna"]
[Black "Mirowska, Oliwia"]
[Result "1-0"]
[WhiteElo "2214"]
[BlackElo "1977"]
[PlyCount "73"]
[EventDate "2024.02.22"]
[EventType "swiss"]
[EventRounds "9"]
[EventCountry "POL"]
[SourceTitle "CB10_2024"]
[SourceDate "2024.03.06"]
[SourceVersion "1"]
[SourceVersionDate "2024.03.06"]
[SourceQuality "1"]

1. e4 d5 2. exd5 Qxd5 3. Nf3 Nf6 4. d4 Bg4 5. Be2 e6 6. c4 Qd8 7. Nc3 Be7 8. h3 Bf5 9. 0-0 0-0 10. Be3 Nbd7 11. Nh4 Bg6 12. Nxg6 hxg6 13. Bf3 c6 14. Rc1 Rc8 15. Qe2 Bd6 16. Rfd1 a6 17. a3 Qc7 18. d5 exd5 19. cxd5 c5 20. b4 Rfe8 21. b5 Ne5 22. bxa6 bxa6 23. Qxa6 Nxf3+ 24. gxf3 Qe7 25. Nb5 Bb8 26. d6 Qe5 27. Qb7 Rcd8 28. Rxc5 Qe6 29. Nc7 Bxc7 30. Rxc7 Rf8 31. d7 Nh5 32. Qe4 Qb3 33. Qc2 Qe6 34. Qc4 Qxh3 35. Qg4 Qxg4+ 36. fxg4 Nf6 37. Bc5 1-0

[Event "POL-ch Universities (Women)"]
[Site "Lublin"]
[Date "2024.02.23"]
[Round "4"]
[White "Wikar, Martyna"]
[Black "Michalska, Aleksandra"]
[Result "1-0"]
[WhiteElo "2214"]
[BlackElo "1812"]
[PlyCount "45"]
[EventDate "2024.02.22"]
[EventType "swiss"]
[EventRounds "9"]
[EventCountry "POL"]
[SourceTitle "CB10_2024"]
[SourceDate "2024.03.06"]
[SourceVersion "1"]
[SourceVersionDate "2024.03.06"]
[SourceQuality "1"]

1. e4 g6 2. d4 Bg7 3. Nc3 b6 4. f4 Bb7 5. Nf3 e6 6. Bd3 Ne7 7. 0-0 d6 8. Qe1 Nd7 9. f5 exf5 10. Bg5 f6 11. Bd2 fxe4 12. Bxe4 Bxe4 13. Qxe4 0-0 14. Rae1 Rf7 15. Ng5 fxg5 16. Rxf7 Nf5 17. Rxd7 Bxd4+ 18. Kh1 Qxd7 19. Qxa8+ Kg7 20. Qe8 Ng3+ 21. hxg3 Qg4 22. Re7+ Kh6 23. Qf8+ 1-0

[Event "Wch U18 Girls"]
[Site "Montesilvano"]
[Date "2023.11.18"]
[Round "6"]
[White "Hrebenshchykova, Yelyzaveta"]
[Black "Wikar, Martyna"]
[Result "1/2-1/2"]
[WhiteElo "2292"]
[BlackElo "2228"]
[PlyCount "120"]
[EventDate "2023.11.13"]
[EventType "swiss"]
[EventRounds "11"]
[EventCountry "ITA"]
[SourceTitle "CB48_2023"]
[SourceDate "2023.11.29"]
[SourceVersion "1"]
[SourceVersionDate "2023.11.29"]
[SourceQuality "1"]

1. Nf3 Nf6 2. c4 e6 3. g3 d5 4. Bg2 Be7 5. 0-0 0-0 6. b3 c5 7. e3 Nc6 8. Bb2 Qc7 9. Nc3 Rd8 10. cxd5 exd5 11. d4 b6 12. Rc1 Ba6 13. Re1 Rac8 14. Bh3 Rb8 15. a4 Qb7 16. Nb5 Nb4 17. Ba3 Bxb5 18. axb5 Bd6 19. dxc5 Bxc5 20. Nd4 a5 21. Bxb4 Bxb4 22. Re2 Ra8 23. Nc6 Re8 24. Nxb4 axb4 25. Rec2 Qe7 26. Qd4 Rab8 27. Rc7 Qe4 28. Qd2 h5 29. Bg2 Qf5 30. Qxb4 Ne4 31. R7c2 h4 32. f3 Nc5 33. Qf4 Qxf4 34. exf4 hxg3 35. hxg3 Nxb3 36. Rd1 Red8 37. Rb2 Nc5 38. Rbd2 Kf8 39. Rxd5 Rxd5 40. Rxd5 Ke7 41. Kf2 Ra8 42. Rd2 Ra4 43. Bf1 g6 44. Rc2 Rb4 45. Ra2 Ke6 46. Be2 Na4 47. Rc2 Nc5 48. Ke3 Kd5 49. Rd2+ Ke6 50. g4 Ke7 51. Rd4 Rxd4 52. Kxd4 Ne6+ 53. Ke4 f6 54. Bc4 Nc7 55. f5 g5 56. f4 gxf4 57. Kxf4 Ne8 58. Bd5 Nd6 59. Bc6 Nf7 60. Bd5 Nd6 1/2-1/2

[Event "Wch U18 Girls"]
[Site "Montesilvano"]
[Date "2023.11.15"]
[Round "3"]
[White "Wikar, Martyna"]
[Black "Bhagyashree, Patil"]
[Result "1-0"]
[WhiteElo "2228"]
[BlackElo "1830"]
[PlyCount "61"]
[EventDate "2023.11.13"]
[EventType "swiss"]
[EventRounds "11"]
[EventCountry "ITA"]
[SourceTitle "CB48_2023"]
[SourceDate "2023.11.29"]
[SourceVersion "1"]
[SourceVersionDate "2023.11.29"]
[SourceQuality "1"]

1. d4 d5 2. c4 e6 3. Nc3 a6 4. cxd5 exd5 5. Nf3 Nf6 6. Bg5 Be7 7. e3 0-0 8. Bd3 b6 9. Qc2 h6 10. h4 c5 11. Ne5 c4 12. Bf5 b5 13. Bxc8 Qxc8 14. Bxf6 Bxf6 15. Nxd5 Bd8 16. Qe4 Ra7 17. 0-0 Re8 18. g3 Nc6 19. f4 Ne7 20. f5 Nc6 21. Rad1 a5 22. Kh2 Ra6 23. Qf4 Nb4 24. Qf3 Qa8 25. Nc3 f6 26. Qh5 Re7 27. Ng6 Re8 28. e4 Nd3 29. Nf4 Bb6 30. Ncd5 Bxd4 31. Nc7 1-0

[Event "Wch U18 Girls"]
[Site "Montesilvano"]
[Date "2023.11.14"]
[Round "2"]
[White "Hyatt, Jessica"]
[Black "Wikar, Martyna"]
[Result "0-1"]
[WhiteElo "1818"]
[BlackElo "2228"]
[PlyCount "94"]
[EventDate "2023.11.13"]
[EventType "swiss"]
[EventRounds "11"]
[EventCountry "ITA"]
[SourceTitle "CB48_2023"]
[SourceDate "2023.11.29"]
[SourceVersion "1"]
[SourceVersionDate "2023.11.29"]
[SourceQuality "1"]

1. d4 Nf6 2. c4 g6 3. Nc3 Bg7 4. e4 d6 5. Nf3 0-0 6. Be3 Ng4 7. Bg5 h6 8. Bh4 c5 9. d5 b5 10. cxb5 a6 11. h3 Ne5 12. Nxe5 Bxe5 13. Qd2 Qa5 14. f4 Bd4 15. Ne2 Qxd2+ 16. Kxd2 Bxb2 17. Rb1 Bf6 18. Bxf6 exf6 19. b6 Bb7 20. Nc3 Nd7 21. Bc4 Kg7 22. Bb3 Nxb6 23. Ba4 Nc4+ 24. Kd3 Na5 25. Rb6 Rfd8 26. Rhb1 Ra7 27. g4 Bc8 28. Rb8 h5 29. g5 fxg5 30. fxg5 f5 31. gxf6+ Kxf6 32. Bc6 g5 33. Rf1+ Kg6 34. h4 Rf7 35. Rxf7 Kxf7 36. hxg5 Rg8 37. g6+ Kg7 38. Ke3 Rf8 39. Ba4 Nc4+ 40. Kd3 Ne5+ 41. Ke3 h4 42. Bd1 h3 43. Be2 h2 44. Rb1 Ng4+ 45. Bxg4 Bxg4 46. Rh1 Rf3+ 47. Kd2 Rh3 0-1

[Event "POL-chT 1st League"]
[Site "Leba"]
[Date "2023.09.30"]
[Round "8.3"]
[White "Wikar, Martyna"]
[Black "Pastuszko, Kinga"]
[Result "1-0"]
[WhiteElo "2136"]
[BlackElo "1974"]
[PlyCount "63"]
[EventDate "2023.09.23"]
[EventType "team-swiss"]
[EventRounds "9"]
[EventCountry "POL"]
[SourceTitle "EXT 2024"]
[Source "ChessBase"]
[SourceDate "2023.10.10"]
[SourceVersion "1"]
[SourceVersionDate "2023.10.10"]
[SourceQuality "1"]
[WhiteTeam "Sedziszow Malopolski"]
[BlackTeam "Konin UKS Smecz"]
[WhiteTeamCountry "POL"]
[BlackTeamCountry "POL"]

1. e4 e5 2. Nf3 Nc6 3. d4 exd4 4. Nxd4 Nf6 5. Nxc6 bxc6 6. e5 Qe7 7. Qe2 Nd5 8. h4 a5 9. g3 Ba6 10. c4 Nb6 11. b3 a4 12. Ba3 Qd8 13. Bxf8 Kxf8 14. Bg2 g6 15. Nd2 Qe7 16. 0-0 d5 17. Rfe1 Kg7 18. Rac1 Rhe8 19. Qe3 Bb7 20. h5 axb3 21. axb3 Ra2 22. h6+ Kg8 23. Qf4 Nd7 24. cxd5 g5 25. Qd4 c5 26. Qc3 Nxe5 27. f4 gxf4 28. gxf4 Qf6 29. fxe5 Qg5 30. Re3 Kf8 31. Re2 Ba6 32. Nf3 1-0

[Event "EU-ch U18 Girls 31st"]
[Site "Mamaia"]
[Date "2023.09.14"]
[Round "9"]
[White "Obada, Ema"]
[Black "Wikar, Martyna"]
[Result "1/2-1/2"]
[WhiteElo "2062"]
[BlackElo "2136"]
[PlyCount "68"]
[EventDate "2023.09.05"]
[EventType "swiss"]
[EventRounds "9"]
[EventCountry "ROU"]
[SourceTitle "EXT 2024"]
[Source "ChessBase"]
[SourceDate "2023.10.10"]
[SourceVersion "1"]
[SourceVersionDate "2023.10.10"]
[SourceQuality "1"]

1. e4 c5 2. Nf3 d6 3. d4 cxd4 4. Qxd4 Nc6 5. Bb5 Bd7 6. Bxc6 Bxc6 7. Nc3 e5 8. Qd3 h6 9. 0-0 Nf6 10. a4 Be7 11. Rd1 0-0 12. b4 b6 13. Bb2 Rc8 14. Qe2 Qc7 15. Rd3 Qb7 16. Re1 Bd7 17. Nd2 Be6 18. Qd1 Rfd8 19. f3 d5 20. exd5 Nxd5 21. Nxd5 Rxd5 22. Bxe5 Bxb4 23. Re4 a5 24. Nf1 Qc6 25. Ne3 Bc5 26. Bd4 Bxd4 27. Rexd4 Rxd4 28. Rxd4 Qc5 29. Qd3 g6 30. Kf2 Kg7 31. g3 h5 32. Qe4 Re8 33. Qd3 Rc8 34. Qe4 b5 1/2-1/2

[Event "EU-ch U18 Girls 31st"]
[Site "Mamaia"]
[Date "2023.09.09"]
[Round "5"]
[White "Nadzamova, Viktoria"]
[Black "Wikar, Martyna"]
[Result "0-1"]
[WhiteElo "2114"]
[BlackElo "2136"]
[PlyCount "84"]
[EventDate "2023.09.05"]
[EventType "swiss"]
[EventRounds "9"]
[EventCountry "ROU"]
[SourceTitle "EXT 2024"]
[Source "ChessBase"]
[SourceDate "2023.10.10"]
[SourceVersion "1"]
[SourceVersionDate "2023.10.10"]
[SourceQuality "1"]

1. e4 c5 2. c3 d5 3. exd5 Qxd5 4. Nf3 Nc6 5. Na3 Bg4 6. Be2 Nf6 7. 0-0 e5 8. d4 cxd4 9. Nb5 0-0-0 10. cxd4 Bxf3 11. gxf3 exd4 12. Qd3 a6 13. Na3 Nb4 14. Qc4+ Qxc4 15. Bxc4 Rd7 16. Bd2 b5 17. Rac1 Kb7 18. Nxb5 axb5 19. Bxb5 Rc7 20. a3 Nbd5 21. Rxc7+ Nxc7 22. Bc4 Bd6 23. a4 Nfd5 24. a5 Bb4 25. Rd1 Rd8 26. Bc1 Bxa5 27. Rxd4 Kc6 28. Bd3 Ne6 29. Rc4+ Kd6 30. b3 Rb8 31. Ba3+ Bb4 32. Bb2 Bc5 33. Bc2 f6 34. Ra4 Ndf4 35. Ra6+ Ke7 36. Kf1 Rd8 37. Bc3 Nd4 38. Ba5 Rd7 39. Bd1 Nc6 40. Be2 Nxa5 41. Rxa5 Nxe2 42. Rxc5 Nf4 0-1

[Event "POL-ch Blitz U18 Girls"]
[Site "Bydgoszcz"]
[Date "2023.08.31"]
[Round "4"]
[White "Wikar, Martyna"]
[Black "Barwinska, Ewa"]
[Result "1-0"]
[WhiteElo "2136"]
[BlackElo "1996"]
[PlyCount "95"]
[EventDate "2023.08.28"]
[EventType "swiss"]
[EventRounds "9"]
[EventCountry "POL"]
[SourceTitle "EXT 2024"]
[Source "ChessBase"]
[SourceDate "2023.10.10"]
[SourceVersion "1"]
[SourceVersionDate "2023.10.10"]
[SourceQuality "1"]

1. e4 c5 2. Nf3 d6 3. Bc4 e6 4. d3 Nf6 5. 0-0 Be7 6. c3 0-0 7. Bb3 d5 8. e5 Nfd7 9. d4 Nc6 10. Re1 b5 11. Bf4 b4 12. Bc2 cxd4 13. cxd4 a5 14. Re3 Re8 15. Nbd2 Nf8 16. Rc1 Ng6 17. Bxg6 hxg6 18. Rxc6 Bd7 19. Rc1 Bb5 20. Bg3 Qb6 21. Nb3 Rac8 22. h4 a4 23. Nc5 Bxc5 24. dxc5 Rxc5 25. Rxc5 Qxc5 26. Qd4 Qe7 27. Re1 Rc8 28. Bf4 Rc2 29. Rc1 Rxc1+ 30. Bxc1 Qc7 31. Be3 Bc4 32. Qc5 Qb7 33. Qd6 Qa8 34. Qxb4 Bxa2 35. Ng5 Bc4 36. Qe7 Qf8 37. Qxf8+ Kxf8 38. Bc5+ Ke8 39. f4 Bd3 40. Kf2 Bf5 41. Ke3 f6 42. Nf3 Kf7 43. Nd4 g5 44. Nxf5 exf5 45. hxg5 fxg5 46. fxg5 Ke6 47. Kf4 g6 48. g3 1-0

[Event "POL-ch Rapid U18 Girls"]
[Site "Bydgoszcz"]
[Date "2023.08.30"]
[Round "10"]
[White "Wikar, Martyna"]
[Black "Arciszewska, Zuzanna"]
[Result "1/2-1/2"]
[WhiteElo "2145"]
[BlackElo "1695"]
[PlyCount "107"]
[EventDate "2023.08.28"]
[EventType "swiss"]
[EventRounds "11"]
[EventCountry "POL"]
[SourceTitle "EXT 2024"]
[Source "ChessBase"]
[SourceDate "2023.10.10"]
[SourceVersion "1"]
[SourceVersionDate "2023.10.10"]
[SourceQuality "1"]

1. e4 e5 2. Nf3 Nc6 3. Bc4 Bc5 4. d3 Nf6 5. 0-0 d6 6. c3 0-0 7. Nbd2 a6 8. a4 Ba7 9. Re1 Be6 10. h3 Qd7 11. Nf1 h6 12. Ng3 Rfe8 13. Bxe6 fxe6 14. b4 Qf7 15. Be3 Bxe3 16. Rxe3 Ne7 17. d4 exd4 18. cxd4 Ng6 19. Rc1 c6 20. Qb3 Nf4 21. b5 axb5 22. axb5 Rec8 23. bxc6 bxc6 24. Kh2 Rab8 25. Qa3 Qd7 26. Rec3 h5 27. R3c2 Rb6 28. Qe3 Ng6 29. d5 c5 30. Qg5 Nf8 31. Rd1 N8h7 32. Qg6 Nf8 33. Qg5 N8h7 34. Qh4 exd5 35. exd5 Rb4 36. Rc4 Qb7 37. Rxb4 Qxb4 38. Nf5 Qxh4 39. N3xh4 Rd8 40. Ne7+ Kf7 41. Nc6 Rc8 42. Nf5 Ne8 43. Re1 Nhf6 44. Re7+ Kf8 45. Re6 Nxd5 46. Nxd6 Nxd6 47. Rxd6 Ne7 48. Nxe7 Kxe7 49. Rd1 Ke6 50. Kg3 Ke5 51. Kf3 g5 52. Ke3 Ra8 53. Rd3 Rc8 54. Rd1 1/2-1/2

[Event "POL-ch Rapid U18 Girls"]
[Site "Bydgoszcz"]
[Date "2023.08.29"]
[Round "4"]
[White "Biliak, Viktoria"]
[Black "Wikar, Martyna"]
[Result "0-1"]
[WhiteElo "1659"]
[BlackElo "2145"]
[PlyCount "104"]
[EventDate "2023.08.28"]
[EventType "swiss"]
[EventRounds "11"]
[EventCountry "POL"]
[SourceTitle "EXT 2024"]
[Source "ChessBase"]
[SourceDate "2023.10.10"]
[SourceVersion "1"]
[SourceVersionDate "2023.10.10"]
[SourceQuality "1"]

1. e4 c5 2. Nf3 d6 3. d4 cxd4 4. Nxd4 Nf6 5. f3 a6 6. c4 Nc6 7. Be3 e5 8. Nb3 Be7 9. Nc3 0-0 10. Be2 Be6 11. Nd5 Bxd5 12. cxd5 Na5 13. 0-0 Nd7 14. Rc1 Nxb3 15. Qxb3 Qb8 16. Rc3 g6 17. Rfc1 Nc5 18. Qc2 a5 19. a3 a4 20. Bb5 Ra5 21. Bxc5 dxc5 22. Bxa4 b5 23. Bb3 c4 24. Ba2 Bc5+ 25. Kf1 Bd4 26. Qd2 Bxc3 27. Qxc3 Ra6 28. Bb1 Qd6 29. Bc2 Rc8 30. Bd1 h5 31. Be2 Re8 32. g3 Kh7 33. Qd2 Qc5 34. b3 Rxa3 35. bxc4 bxc4 36. Rxc4 Rxf3+ 37. Bxf3 Qxc4+ 38. Qe2 Qc1+ 39. Qd1 Qg5 40. Ke2 Rb8 41. Qc2 Qf6 42. h4 Qa6+ 43. Kf2 Rc8 44. Qd2 Qa4 45. Kg1 Rc2 46. Qd1 Qc4 47. Qf1 Rc1 48. Bd1 Qxf1+ 49. Kxf1 Rxd1+ 50. Ke2 Rd4 51. Ke3 f5 52. exf5 gxf5 0-1

[Event "POL-ch Rapid U18 Girls"]
[Site "Bydgoszcz"]
[Date "2023.08.29"]
[Round "6"]
[White "Goraj, Barbara"]
[Black "Wikar, Martyna"]
[Result "1-0"]
[WhiteElo "1958"]
[BlackElo "2145"]
[PlyCount "113"]
[EventDate "2023.08.28"]
[EventType "swiss"]
[EventRounds "11"]
[EventCountry "POL"]
[SourceTitle "EXT 2024"]
[Source "ChessBase"]
[SourceDate "2023.10.10"]
[SourceVersion "1"]
[SourceVersionDate "2023.10.10"]
[SourceQuality "1"]

1. Nf3 Nf6 2. c4 d6 3. Nc3 e5 4. d3 Be7 5. g3 0-0 6. Bg2 c6 7. 0-0 h6 8. e4 Bg4 9. h3 Be6 10. b3 a5 11. d4 exd4 12. Nxd4 Na6 13. Bb2 Nc5 14. Qc2 Re8 15. Rad1 Qc8 16. Kh2 Bf8 17. f4 a4 18. Rfe1 a3 19. Ba1 Na6 20. Re2 Nb4 21. Qc1 Bd7 22. Na4 Qc7 23. Bc3 d5 24. cxd5 cxd5 25. e5 Ne4 26. Bxb4 Qxc1 27. Rxc1 Bxb4 28. Nb6 Nc3 29. Rec2 Rad8 30. Nxd7 Rxd7 31. Rxc3 Bxc3 32. Rxc3 b6 33. Kg1 g6 34. Kf2 Kg7 35. Bf1 Red8 36. Bb5 Rb7 37. Ke3 h5 38. Kd3 Kf8 39. Ba6 Rbd7 40. Rc6 Re7 41. Rxb6 Ra8 42. Bb5 g5 43. Rh6 Kg7 44. Rxh5 Rc7 45. Rxg5+ Kh7 46. Bc6 Ra5 47. b4 Ra6 48. Rf5 Kg7 49. Rf6 Rb6 50. Kc3 Rc8 51. h4 Rcb8 52. b5 Rd8 53. Kb4 Rc8 54. Kc5 Rbb8 55. b6 Kf8 56. Kb5 Rc7 57. Ne6+ 1-0

[Event "EU-ch Rapid"]
[Site "Katowice"]
[Date "2022.12.17"]
[Round "3"]
[White "Tazbir, Marcin"]
[Black "Wikar, Martyna"]
[Result "1-0"]
[WhiteElo "2508"]
[BlackElo "2185"]
[PlyCount "143"]
[EventDate "2022.12.17"]
[EventType "swiss (rapid)"]
[EventRounds "11"]
[EventCountry "POL"]
[SourceTitle "CBM 211 Extra"]
[Source "ChessBase"]
[SourceDate "2023.01.31"]
[SourceVersion "1"]
[SourceVersionDate "2023.01.31"]
[SourceQuality "1"]

1. c4 e5 2. g3 Nc6 3. Bg2 Bc5 4. Nc3 a6 5. e3 Nge7 6. Nge2 Ba7 7. d3 d6 8. Rb1 Be6 9. Nd5 Qd7 10. b4 Nd8 11. 0-0 c6 12. Nxe7 Qxe7 13. Qc2 0-0 14. d4 f5 15. c5 Nf7 16. cxd6 Qxd6 17. dxe5 Nxe5 18. Rd1 Qe7 19. Nd4 Rad8 20. Nxe6 Qxe6 21. Bb2 Qc4 22. Qxc4+ Nxc4 23. Bc3 Kf7 24. Bf1 Nd6 25. a4 Ne4 26. Bc4+ Kg6 27. Be1 Bb8 28. Bd3 h5 29. b5 axb5 30. axb5 Nc5 31. Bc2 cxb5 32. Rxb5 Rxd1 33. Bxd1 Rc8 34. Bf3 Nd3 35. Rb6+ Kh7 36. Bb4 Nxb4 37. Rxb4 Rc1+ 38. Kg2 Kh6 39. Rxb7 Be5 40. Rb6+ Bf6 41. h4 Rc2 42. Bd5 Kg6 43. Rb5 Be7 44. Bb3 Rc5 45. Rb7 Bf6 46. Kf3 Kh6 47. Bf7 Ra5 48. Rb6 Ra7 49. Be6 Ra5 50. Kf4 Be5+ 51. Kf3 Bf6 52. Rc6 Rb5 53. Bf7 Rb7 54. Bc4 Ra7 55. Be6 Ra5 56. Kf4 Be5+ 57. Kxf5 Bxg3+ 58. Bd5+ Kh7 59. fxg3 Rxd5+ 60. Kf4 Ra5 61. e4 Kg8 62. Rd6 Ra3 63. Rd5 g6 64. Rd7 Kf8 65. e5 Ra4+ 66. Kg5 Ke8 67. Rb7 Rg4+ 68. Kf6 Rxg3 69. Rb8+ Kd7 70. e6+ Kd6 71. Rd8+ Kc7 72. e7 1-0

[Event "EU-ch Blitz"]
[Site "Katowice"]
[Date "2022.12.16"]
[Round "6"]
[White "Adams, Michael"]
[Black "Wikar, Martyna"]
[Result "0-1"]
[WhiteElo "2688"]
[BlackElo "2185"]
[PlyCount "64"]
[EventDate "2022.12.16"]
[EventType "swiss (blitz)"]
[EventRounds "22"]
[EventCountry "POL"]
[SourceTitle "CBM 211 Extra"]
[Source "ChessBase"]
[SourceDate "2023.01.31"]
[SourceVersion "1"]
[SourceVersionDate "2023.01.31"]
[SourceQuality "1"]

1. e4 c5 2. Nc3 Nc6 3. Bb5 g6 4. Bxc6 bxc6 5. f4 Bg7 6. Nf3 d5 7. e5 Bg4 8. h3 Bxf3 9. Qxf3 e6 10. Na4 Bf8 11. b3 Qa5 12. Ba3 c4 13. Bxf8 Kxf8 14. Qf2 Ne7 15. 0-0 Nf5 16. Nc5 Kg7 17. d3 cxd3 18. cxd3 h5 19. Rac1 Rac8 20. Rc2 Rhd8 21. Rfc1 Qb5 22. g4 hxg4 23. hxg4 Nh6 24. Qh4 Rh8 25. Qf6+ Kg8 26. Nxe6 fxe6 27. Qxg6+ Kf8 28. Qf6+ Nf7 29. g5 Qxd3 30. g6 Qg3+ 31. Rg2 Qe3+ 32. Rf2 Qg3+ 0-1

[Event "EU-ch Blitz"]
[Site "Katowice"]
[Date "2022.12.16"]
[Round "5"]
[White "Wikar, Martyna"]
[Black "Adams, Michael"]
[Result "1-0"]
[WhiteElo "2185"]
[BlackElo "2688"]
[PlyCount "53"]
[EventDate "2022.12.16"]
[EventType "swiss (blitz)"]
[EventRounds "22"]
[EventCountry "POL"]
[SourceTitle "CBM 211 Extra"]
[Source "ChessBase"]
[SourceDate "2023.01.31"]
[SourceVersion "1"]
[SourceVersionDate "2023.01.31"]
[SourceQuality "1"]

1. e4 e5 2. Nf3 Nc6 3. Bc4 Bc5 4. 0-0 d6 5. c3 Nf6 6. d3 a5 7. a4 h6 8. Be3 Bxe3 9. fxe3 0-0 10. Nbd2 Ne7 11. Qe1 Ng6 12. d4 Qe7 13. Nh4 Be6 14. Nxg6 fxg6 15. dxe5 dxe5 16. Qg3 Bxc4 17. Nxc4 g5 18. Qxe5 Qxe5 19. Nxe5 Rfe8 20. Nd3 Nxe4 21. Rf5 b6 22. Nf2 Nd6 23. Rf3 Nc4 24. Rd1 Re7 25. b3 Nxe3 26. Re1 Rae8 27. Nd3 1-0

[Event "Wch U18 Girls"]
[Site "Mamaia"]
[Date "2022.09.13"]
[Round "8"]
[White "Sovetbekova, Nurai"]
[Black "Wikar, Martyna"]
[Result "0-1"]
[WhiteElo "1992"]
[BlackElo "2273"]
[PlyCount "80"]
[EventDate "2022.09.06"]
[EventType "swiss"]
[EventRounds "11"]
[EventCountry "ROU"]
[SourceTitle "CBM 210 Extra"]
[Source "ChessBase"]
[SourceDate "2022.11.30"]
[SourceVersion "1"]
[SourceVersionDate "2022.11.30"]
[SourceQuality "1"]

1. d4 Nf6 2. c4 g6 3. g3 Bg7 4. Bg2 d6 5. Nc3 0-0 6. Nf3 Nc6 7. 0-0 a6 8. b3 Rb8 9. Bb2 Bd7 10. d5 Na5 11. Qd3 c5 12. dxc6 Nxc6 13. Nd5 Bf5 14. Nxf6+ Bxf6 15. Qd2 Bxb2 16. Qxb2 Be4 17. Rfd1 Qa5 18. Rac1 Qh5 19. Nh4 Bxg2 20. Nxg2 Ne5 21. Rd5 Qh6 22. Qd2 Qxd2 23. Rxd2 Rfc8 24. Rcd1 b5 25. cxb5 Rxb5 26. Ne3 Rbc5 27. Nd5 Kf8 28. Kg2 Rc1 29. Rxc1 Rxc1 30. Ne3 Ra1 31. Rc2 e6 32. f4 Nd7 33. Nc4 Ke7 34. Na5 f5 35. Nc6+ Kf6 36. b4 g5 37. Nd4 gxf4 38. gxf4 Rd1 39. Nb3 Nb6 40. Rc4 Nxc4 0-1

[Event "Wch U18 Girls"]
[Site "Mamaia"]
[Date "2022.09.11"]
[Round "6"]
[White "Guillo Longares, Cecilia"]
[Black "Wikar, Martyna"]
[Result "0-1"]
[WhiteElo "1987"]
[BlackElo "2273"]
[PlyCount "126"]
[EventDate "2022.09.06"]
[EventType "swiss"]
[EventRounds "11"]
[EventCountry "ROU"]
[SourceTitle "CBM 210 Extra"]
[Source "ChessBase"]
[SourceDate "2022.11.30"]
[SourceVersion "1"]
[SourceVersionDate "2022.11.30"]
[SourceQuality "1"]

1. d4 Nf6 2. c4 g6 3. Nf3 Bg7 4. g3 0-0 5. Bg2 d5 6. cxd5 Nxd5 7. 0-0 Nb6 8. Nc3 Nc6 9. d5 Na5 10. e4 c6 11. dxc6 Nxc6 12. Bf4 Be6 13. Qc1 Re8 14. Rd1 Bd7 15. Bh6 Bh8 16. Qf4 e5 17. Qe3 Nd4 18. Nxd4 exd4 19. Rxd4 Bxd4 20. Qxd4 f6 21. Nd5 Nxd5 22. Qxd5+ Be6 23. Qxb7 Bf7 24. Qa6 Re6 25. Qa4 Rb8 26. Rd1 Rd6 27. Rxd6 Qxd6 28. Bf4 Rb4 29. Qc2 Qd7 30. b3 Rd4 31. h4 Be6 32. Bh6 Kf7 33. Qc5 Rd1+ 34. Kh2 Qe7 35. Qc2 Rd8 36. Qe2 Qd7 37. Qe3 Rc8 38. e5 Rc2 39. exf6 Qc7 40. Qe1 a5 41. Bf4 Qc5 42. Be3 Qc3 43. Qxc3 Rxc3 44. Bb6 Rc2 45. Bxa5 Rxa2 46. Bd8 Rxf2 47. Kg1 Rb2 48. Be7 Rxb3 49. Kf2 Rb2+ 50. Kg1 Rd2 51. Bf3 Bc4 52. Bg2 Ke6 53. Bc6 Kf5 54. Bf3 h5 55. Bg2 Kg4 56. Bb4 Rd3 57. Be4 Rxg3+ 58. Kh2 Rb3 59. Be7 Rb2+ 60. Kg1 Bf7 61. Kf1 Kf4 62. Bc6 Kg3 63. Be4 Bc4+ 0-1